000 01261cam a22002174a 4500
005 20250605164020.0
008 250528s ||||||||||||||||||||||||d
035 _a16310
020 _a6726209
040 _aGR-AtMCL
_bgre
_dGR-AtMCL
_eAACR2
245 1 _aThe Printing Industry / An Introduction to its Many Branches, Processes and Products
260 _c1967
300 _a816
505 0 _aForeword, Preface, Printing Processes and Methods, Composition for Printing, The Theory and Practice of Full-Color Printing, Graphic Arts Photography, Printing-Image Carriers, Printing Presses, Presswork, Paper and Other Printing Stocks, Printing Inks, Binding and Finishing, Art-and-Copy Preparation, References, Bibliography, Acknowledgements, Index.
520 _aForeword, Preface, Printing Processes and Methods, Composition for Printing, The Theory and Practice of Full-Color Printing, Graphic Arts Photography, Printing-Image Carriers, Printing Presses, Presswork, Paper and Other Printing Stocks, Printing Inks, Binding and Finishing, Art-and-Copy Preparation, References, Bibliography, Acknowledgements, Index.
700 1 _aPrinting Industries Of America
_92386
700 1 _aStrauss Victor
_92387
942 _cBK
999 _c1822
_d1822